[Event "ZSEM 2009"]
[Site "?"]
[Date "2009.03.14"]
[Round "?"]
[White "Bürgi, Jakob"]
[Black "Illi, Hansjörg"]
[Result "0-1"]
[WhiteElo "1980"]
[BlackElo "2155"]
[Annotator "Illi"]
[PlyCount "110"]
[EventDate "2009.??.??"]
[Source "Mark Crowther"]
[SourceDate "2009.01.05"]

{B12: Caro-Kann (Vorstoß-Variante)} 1. e4 c6 2. d4 d5 3. e5 Bf5 4. c3 e6 5. Ne2
c5 6. Nd2 (6. Ng3 Bg6 7. Bd3 (7. Bb5+ Nd7 8. O-O Qc7 9. h4 h6 10. Be3 O-O-O 11.
Na3 c4 12. Qa4 a6 13. Bxd7+ Qxd7 14. Qa5 Ne7 15. Bc1 Nc6 16. Qb6 Be7 17. h5 Bd3
18. Rd1 Bxa3 19. bxa3 Qc7 20. Qb2 g5 21. a4 Rdf8 {Basic,I (2072)-Mestrovic,J/
Split 2006/CBM 112 ext/1-0 (60)}) 7... Nc6 8. O-O cxd4 9. cxd4 Qb6 10. Ne2
O-O-O 11. Nbc3 Bxd3 12. Qxd3 Nge7 13. Bg5 h6 14. Bxe7 Bxe7 15. a3 Qb3 16. Rfd1
Na5 17. Nc1 Qc4 18. Qc2 Kb8 19. b4 Rc8 20. N1e2 Nc6 {Hoen,L (2238)-Schuster,G 
(2151)/Boeblingen 2002/EXT 2004/1-0 (31)}) 6... Nc6 7. Nf3 $146 (7. Nb3 cxd4 8.
Nexd4 Bg6 9. Bb5 Qc7 10. f4 a6 11. Nxc6 bxc6 12. Bd3 c5 13. Bxg6 hxg6 14. Be3
Nh6 15. Bf2 Be7 16. g4 g5 17. Qf3 a5 18. Nd2 a4 19. c4 gxf4 20. Qxf4 f6 21.
cxd5 exd5 {Haas,M-Haas,F (2150)/Wiesbaden 1998/EXT 2000/1/2-1/2}) 7... Qb6 8.
Qa4 Nh6 {Mit Gruseln erinnerte ich mich da an unsere Begegnung in Davos 2009,
wo ich den Lf5 mittels h7-h6 auf h7 freiwillig versteckte. Später entschwand
er (unfreiwillig) nach g8 und half mit, ein kaum mehr erhofftes Remis zu
sichern . .. Ich beschloss deshalb, ihn diesmal so früh wie möglich
loszuwerden.} 9. Ng3 Be4 10. Bb5 Bxf3 11. gxf3 a6 (11... cxd4 12. Bxc6+ bxc6
13. cxd4 Bb4+ 14. Kf1 $11) 12. Bxc6+ Qxc6 13. Qxc6+ bxc6 14. Bxh6 $5 {Hat er
mich schon wieder erwischt? Mir war schon etwas unbehaglich zu Mute.} gxh6 15.
Nh5 {Was ich mit Sh6 zu vermeiden versucht habe, ist nun trotzdem eingetreten:
Der Verkehrskollaps auf e7 - "Manhattan Transfer", wo alle durchwollen. Ich
entscheide mich für eine Radikalkur.} cxd4 16. cxd4 Bb4+ (16... Be7 17. Rg1 $11
) 17. Ke2 $14 Ke7 {Das wäre also geschafft, aber noch kein Grund zum Feiern:
Ein Rückständiger auf c6 und, weit weg davon, die von einem gefährichen Untier
beobachtete offene g-Linie.} (17... Be7 18. Rhg1 $14) 18. Rhc1 Rhc8 19. Rc2 Kd7
(19... Rab8 20. Rg1 $16) 20. Rac1 (20. Nf6+ $142 $5 Kc7 21. Rg1 $18) 20... Be7
$14 21. Rc3 (21. f4 $5 $14) 21... Rab8 $11 22. b3 Rb4 {Hofft auf 23.Ke3,
wonach 23.-c5 besonders stark ist: 24.dc? d4-+} 23. Kd3 $1 (23. Rg1 Rxd4 24. f4
Bb4 $11) 23... c5 $5 $15 {Mit diesem Befreiungsschlag ist die Zeit der
Passivität endlich beendet: Der rückständige c-Bauer ist weg, Schwarz bekommt
eine Express-Querverbindung zum Königsflügel.} 24. dxc5 Rh4 25. c6+ (25. Nf6+
Bxf6 26. exf6 Rc6 $15) 25... Kc7 $15 26. Nf6 Bxf6 27. exf6 Rf4 (27... Rxh2 $5
28. Ke3 Rh5) 28. Ke3 Rxf6 29. f4 Rb8 30. a3 {Es drohte Tb8-b4.} Rb6 31. Rg1 {
Weiss sucht aktives Gegenspiel.} (31. b4 $5 $11) 31... Rg6 $17 32. Rg3 {
Gegenseitig auf partschaftliche Hilfe bei der Reparatur der Bauernstruktur
hoffend...} (32. Rgc1 Rg2 $17) 32... Rxc6 (32... Rxg3+ $5 33. hxg3 Rxc6 $17)
33. Rxc6+ $15 Kxc6 34. Kd4 (34. Rh3 Kd6 $15) 34... f6 (34... Rxg3 $5 35. hxg3
f6 $17) 35. Rc3+ Kd6 36. Rc8 e5+ {Auch im Endspiel ist das Zentrum wichtig,
hier fast wichtiger als der potentielle entfernte Freibauer von Weiss (a+b
gegen a). In einem reinen Bauernendspiel ist das meist umgekehrt.} 37. fxe5+
fxe5+ 38. Ke3 d4+ 39. Kd3 (39. Ke4 Rg4+ 40. Kf3 Rf4+ 41. Ke2 Kd5 $17) 39... Rf6
40. Rd8+ (40. Ke2 $17) 40... Ke6 (40... Ke7 $142 $5 41. Ra8 Rxf2 42. Ra7+ Kf6
43. Rxa6+ Kf5 44. Rxh6 Rf3+ 45. Ke2 Rxb3 46. Rh5+ Ke4 47. Rh4+ Kd5 48. Rxh7
Rb2+ 49. Kf1 e4 $19) 41. Ke2 (41. Re8+ Kf5 $15) 41... Kf5 42. b4 (42. Kd3 a5
$17) 42... h5 (42... Ke4 $142 43. a4 h5 $19) 43. Rg8 $2 (43. Kd3 Kg4 44. Re8
Rxf2 45. Rxe5 Rxh2 $17) 43... h6 $4 {So kann von f6 aus noch ein Bauer gedeckt
werden. Der Rest ist leicht verständlich.} (43... Ke4 $142 $5 44. Rg7 $19) 44.
Rg3 (44. Kd3 $5 $17) 44... Rc6 $19 45. Rf3+ $2 (45. Rh3 $142 Kg4 46. Rg3+ Kf4
47. Kd2 $19) 45... Ke4 46. Rh3 (46. Rf8 Rc2+ 47. Kf1 d3 $19) 46... Rc2+ 47. Kf1
Ra2 (47... d3 48. Rh4+ Kd5 49. Ke1 $19) 48. Rxh5 (48. Ke1 d3 49. Rh4+ Kd5 $19)
48... d3 (48... Ra1+ 49. Ke2 d3+ 50. Kd2 Ra2+ 51. Ke1 Re2+ 52. Kf1 $19) 49.
Rh4+ Kd5 50. Rh3 $4 (50. Ke1 $142 $19) 50... Ra1+ 51. Kg2 e4 52. Rh5+ Kd4 53.
Rxh6 Rxa3 54. Rd6+ Kc3 55. h4 Ra2 (55... Ra2 56. Rc6+ Kxb4 $19) 0-1

[Event "Einzel-EM"]
[Site "Budva "]
[Date "2009.03.14"]
[Round "8"]
[White "Tomashevsky, Evgeny"]
[Black "Shomoev, Anton"]
[Result "1-0"]
[WhiteElo "2664"]
[BlackElo "2567"]
[PlyCount "61"]
[EventDate "2009.03.06"]
[EventType "swiss"]
[EventRounds "11"]
[EventCountry "MNT"]
[Source "Mark Crowther"]
[SourceDate "2009.01.05"]

{A65: Benoni} 1. c4 g6 2. e4 Bg7 3. d4 d6 4. Nc3 Nf6 5. f3 O-O 6. Be3 c5 7.
Nge2 Nc6 8. d5 Ne5 9. Ng3 e6 10. Be2 exd5 11. cxd5 h5 12. O-O Nh7 13. Qd2 h4
14. Nh1 f5 15. Nf2 Bd7 16. Kh1 (16. Rab1 Qf6 17. f4 Nf7 18. Kh1 Rfe8 19. Nb5
Qd8 20. b4 b6 21. bxc5 bxc5 22. Bd3 Nf6 23. Nc3 Qa5 24. Qc2 Ng4 25. Ncd1 Ba4
26. Qe2 Bxd1 27. Nxd1 Nfh6 28. Bd2 Qxa2 29. Rb7 Qa3 30. e5 dxe5 {Kasimdzhanov,
R (2677)-Topalov,V (2772)/Leon 2007/0-1}) (16. a4 Qf6 17. Nh3 Rae8 18. Nb5 fxe4
19. fxe4 Qe7 20. Ng5 Ng4 21. Bxg4 Bxg4 22. h3 Bc8 23. Ne6 Bxe6 24. dxe6 Be5 25.
Rfd1 Rd8 26. Bh6 Rf6 27. Rac1 b6 28. b4 a6 29. Nc3 Qxe6 30. Nd5 Rf7 {Gupta,A 
(2551)-Caspi,I (2412)/Gaziantep 2008/1-0}) 16... a6 $146 (16... Kh8 17. Rae1
Qa5 18. exf5 gxf5 19. f4 Ng4 20. Nxg4 fxg4 21. Qd1 h3 22. gxh3 gxh3 23. Bd2
Rae8 24. Bg4 Qd8 25. Be6 Rxe6 26. Rxe6 Bxe6 27. dxe6 Qc8 28. f5 Qc6+ {Henrichs,
T (2459)-Van Laatum,G (2327)/Belgien 2001/ 0-1}) 17. a4 Re8 (17... Qc7 18. Rac1
$14) 18. Rg1 (18. Rfe1 b6 $14) 18... g5 (18... fxe4 19. Nfxe4 Bf5 20. a5 $14)
19. exf5 $14 Bxf5 20. Rae1 (20. a5 Qe7 21. Rae1 Rab8 $14) 20... Rc8 21. Nce4
Nf7 22. Bd3 Re5 23. Bc2 Qd7 (23... Qe8 24. f4 (24. Nxg5 $6 Nhxg5 25. Bxf5 Rxf5
26. Bxg5 Qxa4 $14) 24... Bxe4 25. fxe5 (25. Bxe4 $143 Rxe4 26. fxg5 Re5 $15 (
26... Qxa4 $143 27. Nxe4 Qxe4 28. Bf4 $14)) (25. Nxe4 $143 Rxe4 26. fxg5 Nf8
$11) 25... Bxc2 26. e6 $16) 24. g3 (24. f4 Ree8 25. fxg5 Rf8 $18) 24... Kh8 (
24... hxg3 $142 25. Rxg3 Rce8 $14) 25. gxh4 $18 gxh4 (25... Ree8 26. hxg5 Ne5
27. Qd1 $18) 26. Rxg7 Kxg7 27. Rg1+ Kh8 $2 (27... Kf8 28. Bh6+ Ke7 $18) 28. f4
Rxe4 (28... Rg8 29. Rxg8+ Kxg8 30. fxe5 Nxe5 31. Bf4 $18) 29. Bxe4 (29. Nxe4
$142 Bxe4+ 30. Bxe4 Nfg5 31. fxg5 Re8 $18) 29... Bxe4+ (29... Nf6 30. Qc3 Ne5
$18) 30. Nxe4 Qf5 (30... Rg8 31. Qc3+ Ne5 32. fxe5 Rxg1+ 33. Bxg1 dxe5 34.
Qxe5+ Qg7 35. Qxg7+ Kxg7 36. Nxc5 Kf7 $18) 31. Qc3+ (31. Qc3+ Nf6 32. Nxf6 $18)
1-0

[Event "Einzel-EM"]
[Site "Budva"]
[Date "2009.03.08"]
[Round "3.78"]
[White "Mastrovasilis, Dimitrios"]
[Black "Zueger, Beat"]
[Result "0-1"]
[WhiteElo "2580"]
[BlackElo "2408"]
[PlyCount "70"]
[EventDate "2009.03.06"]
[Source "Mark Crowther"]
[SourceDate "2009.01.05"]

{B55: Sizilianisch (Rauser Anti-Drachen-Variante)} 1. e4 c5 2. Nf3 d6 3. d4
cxd4 4. Nxd4 Nf6 5. f3 Nc6 6. c4 Qb6 7. Nc2 e6 8. Nc3 Be7 9. Bd3 (9. Rb1 O-O
10. Be3 Qc7 11. Qd2 Rd8 12. Be2 a6 13. Rc1 d5 14. cxd5 exd5 15. exd5 Be6 16.
Bf4 Qa5 17. Ne3 Bxd5 18. Qc2 Bb4 19. O-O Nd4 20. Qd1 Bxa2 21. Qe1 Nh5 22. Bg3
Nxg3 23. hxg3 Re8 {Szczepkowska,K (2324)-Tairova,E (2414)/Ekaterinburg 2007/0-1
}) 9... O-O 10. Be3 Qc7 11. O-O b6 $146 (11... Ne5 12. Nb5 Qb8 13. Be2 a6 14.
Nc3 Qc7 15. Qd4 Bd7 16. a4 Rac8 17. Na3 Qb8 18. Rfd1 Nc6 19. Qd2 Bd8 20. Kh1
Bc7 21. Bg1 Rfd8 22. Nc2 Ne7 23. b4 d5 24. exd5 exd5 25. c5 Bf4 26. Qe1 {
McShane,L (2619)-Sakaev,K (2655)/Kopenhagen 2003/0-1}) 12. Qd2 Bb7 13. Rfd1
Rac8 14. Bf1 (14. Nb5 Qb8 $11) 14... Rfd8 (14... Ne5 15. Nb5 Nxc4 16. Qc3 $11)
15. Rac1 Qb8 16. Nd4 d5 (16... Ne5 $5 17. b3 a6 $11) 17. cxd5 $14 exd5 18. Nxc6
(18. Bf4 $5 Qa8 19. Nxc6 Rxc6 20. e5 $14) 18... Bxc6 $11 19. Bf4 Qb7 20. e5 d4
$2 (20... Nh5 $142 $5 $11) 21. Nb5 $16 Ne8 22. Nxd4 Bc5 23. Be3 Nc7 24. b4 $4 (
24. Qe1 $142 $16) 24... Bxd4 $17 25. Bxd4 Ba4 26. Qe1 Bxd1 27. Rxd1 Qd5 28. Rd2
Ne6 29. Bc3 Qc6 30. Rxd8+ Rxd8 31. Qe3 (31. b5 Qc5+ 32. Kh1 Rc8 $19) 31... Rd1
32. Kf2 Nf4 $1 33. b5 (33. Qxf4 Qxc3) 33... Qc7 34. Qxf4 $4 (34. Bd2 Qc2 35.
Qxf4 Qxd2+ 36. Qxd2 Rxd2+ 37. Ke3 Rxa2 38. Be2 $19) 34... Qxc3 35. Bc4 (35. Qe4
g6 36. e6 Qc5+ 37. Kg3 Rxf1 38. e7 Qc7+ 39. Kh3 Qd7+ 40. g4 Qe8 41. f4 Rc1 42.
f5 gxf5 43. gxf5 f6 44. Qe6+ Kg7 45. Qe3 Rc2 46. Kg4 Rc7 47. Qg3 Rxe7 48. Kf3+
Kh8 49. Qh4 Qf7 50. Qf4 Qd5+ 51. Kf2 Qxb5 52. Qf3 Qb2+ 53. Kg3 Rg7+ 54. Kh3
Qxa2 $19) 35... Qe1# 0-1

[Event "World Chess Challenge"]
[Site "Sofia BUL"]
[Date "2009.02.26"]
[Round "7"]
[White "Topalov, Veselin"]
[Black "Kamsky, Gata"]
[Result "1-0"]
[WhiteElo "2796"]
[BlackElo "2725"]
[PlyCount "89"]
[EventDate "2009.02.17"]
[EventType "match"]
[EventRounds "8"]
[EventCountry "BUL"]
[Source "Mark Crowther"]
[SourceDate "2009.01.05"]

{C07: Französische Verteidigung (Tarrasch-Variante)} 1. e4 e6 2. d4 d5 3. Nd2
c5 4. exd5 Qxd5 5. Ngf3 cxd4 6. Bc4 Qd6 7. O-O Nf6 8. Re1 Be7 9. Nb3 Nc6 10.
Nbxd4 Nxd4 11. Nxd4 O-O 12. c3 Bd7 (12... Qc7 13. Bb3 Bd7 14. Bg5 Nd5 15. Bxe7
Nxe7 16. Qh5 Rae8 17. Re3 g6 18. Qg5 Kg7 19. Rh3 Ng8 20. Qh4 h6 21. Nc2 e5 22.
Rg3 Ne7 23. Ne3 Nf5 24. Nxf5+ Bxf5 25. Re1 Be6 26. Bc2 Rd8 27. Qe4 {
Minhazuddin,A (2339)-Panggabean,H (2254)/Kuala Lumpur 2008/1-0}) 13. Qf3 $146 (
13. Bg5 Qc5 14. Bxf6 Bxf6 15. Nb3 Qc7 16. Qe2 Rad8 17. Bd3 g6 18. Rad1 Bg7 19.
Bc2 a6 20. Nd4 Bc8 21. Nf3 Bf6 22. Qe3 Rxd1 23. Rxd1 Rd8 24. Rxd8+ Qxd8 25. Qd3
Qxd3 26. Bxd3 Kf8 27. Kf1 Ke7 {Middelhoven,H-Marcus,J (2274)/Haarlem 2001/0-1})
13... Qb6 14. Bb3 (14. a4 Rfd8 $11) 14... a5 $11 15. Be3 Bc5 16. Rad1 (16. Qg3
Rfc8 17. Re2 e5 $11) 16... a4 17. Bc2 (17. Bc4 e5 18. Nf5 Bxf5 19. Qxf5 Bxe3
20. Rxe3 e4 $11) 17... Qxb2 $15 18. Bg5 Nd5 (18... Qxa2 $2 19. Bxf6 g6 20. Qh3
$18) 19. c4 Bxd4 (19... Qxa2 $143 20. cxd5 Bxd4 21. Qd3 Bxf2+ 22. Kxf2 $16) 20.
Qd3 f5 21. Qxd4 Qxc2 22. cxd5 Qxa2 23. Qb6 a3 24. Be7 (24. Qd6 Ba4 25. Qxe6+
Rf7 $15) 24... Rfe8 $17 25. Qd6 Ba4 (25... Bc8 $142 $5 26. Qc7 Qb3 $17 (26...
exd5 $4 27. Bf6 Rxe1+ 28. Rxe1 $18)) 26. Qxe6+ $11 Kh8 27. Ra1 Qc4 28. Rec1 (
28. Rxa3 Bb3 29. Rxa8 Rxa8 30. Qxf5 Qc3 $11) 28... Bc2 $15 {Schwarz bereitet
a2 vor} 29. Qd7 $2 (29. Qe1 $5 Qd3 30. d6 $11) 29... a2 $17 30. d6 (30. Qxb7 $5
Qe4 31. h3 $19) 30... b5 $19 31. Qb7 (31. Qc7 $142 Qxc7 32. dxc7 $19) 31...
Reb8 $4 (31... b4 $142 32. d7 Reb8 33. d8=Q+ Rxd8 34. Qxb4 Qxb4 35. Bxb4 Bb1
$19) 32. Qc7 $11 Rc8 $4 (32... Bd3 $142 33. Rxc4 bxc4 34. Qxb8+ Rxb8 $11) 33.
Qxc4 $16 Rxc4 (33... bxc4 $2 34. Rxc2 Rcb8 35. d7 Rb1+ 36. Rc1 Rxc1+ 37. Rxc1
$18) 34. d7 Bb1 (34... Rd4 35. d8=Q+ Rdxd8 36. Bxd8 $16) 35. Rd1 {Ermöglicht
auch d8} Kg8 36. d8=Q+ Rxd8 37. Bxd8 Bc2 38. Rdc1 b4 $2 (38... Bd3 $142 39.
Rxc4 Bxc4 $18) 39. Rxa2 b3 40. Ra8 Kf7 41. Rb8 Ke6 42. Re1+ Kd5 43. Be7 Ra4 44.
Bf8 Ra7 45. h4 1-0

[Event "XXVI SuperGM"]
[Site "Linares ESP"]
[Date "2009.02.25"]
[Round "6"]
[White "Grischuk, Alexander"]
[Black "Aronian, Levon"]
[Result "1-0"]
[WhiteElo "2733"]
[BlackElo "2750"]
[PlyCount "117"]
[EventDate "2009.02.19"]
[EventType "tourn"]
[EventRounds "14"]
[EventCountry "ESP"]
[EventCategory "21"]
[Source "Mark Crowther"]
[SourceDate "2009.01.05"]

{D43: Damengambit (Moskauer Variante)} 1. d4 d5 2. c4 c6 3. Nf3 Nf6 4. Nc3 e6
5. Bg5 h6 6. Bh4 dxc4 7. e4 g5 8. Bg3 b5 9. Ne5 h5 10. h4 g4 11. Be2 Bb7 12.
O-O Nbd7 13. Qc2 Nxe5 14. Bxe5 Bg7 15. b3 O-O (15... cxb3 16. axb3 O-O 17. Bg3
c5 18. e5 Nd5 19. Nxb5 cxd4 20. Nd6 Rb8 21. Qd2 Nc3 22. Bd3 a5 23. Ra3 Bd5 24.
Bc2 Rb6 25. Re1 a4 26. Qd3 f5 27. exf6 Rxf6 28. Nc4 Bxc4 29. bxc4 Qe7 30. Qxd4
{Grischuk,A (2728)-Karjakin,S (2727)/Sochi 2008/1-0}) 16. bxc4 Nh7 17. Bxg7
Kxg7 18. Rad1 $146 (18. d5 cxd5 19. exd5 bxc4 20. dxe6 Qxh4 21. Ne4 Bxe4 22.
Qxe4 Qf6 23. exf7 c3 24. f4 Rad8 25. Bc4 Rd4 26. Qe6 Rxf4 27. Qxf6+ Rxf6 28.
Rxf6 Nxf6 29. Be6 Rd8 30. Rc1 Ne4 31. Bb3 Rc8 32. Be6 Rd8 {Maletin,P (2557)
-Van Wely,L (2625)/Budva 2009/0-1}) (18. Qd3 e5 19. cxb5 exd4 20. bxc6 Bxc6 $16
) 18... Qxh4 19. cxb5 (19. Qd3 a6 $11) 19... cxb5 $11 20. Nxb5 (20. Bxb5 $143
Ng5 21. Rfe1 Rac8 $15) 20... Rac8 21. Qd3 Rfd8 (21... g3 22. Qxg3+ Qxg3 23.
fxg3 Bxe4 24. Bxh5 $11 (24. Nxa7 $143 Rc2 25. Bf3 Bxf3 26. Rxf3 Ra8 $17)) 22.
d5 $14 exd5 23. Qd4+ Kg8 24. Qxa7 (24. Nxa7 $143 Rc2 (24... dxe4 $143 25. Qb6
Rxd1 26. Bxd1 $14) 25. Qb4 Ba8 $15) 24... Qe7 25. e5 Qxe5 (25... Ra8 $5 26. Qe3
Rxa2 $14) 26. Qxb7 $16 Rb8 27. Qc7 Qxe2 28. Nd4 Qc4 29. Qe5 Re8 30. Qxh5 Rb6
31. Nf5 Rbe6 $2 (31... Qe2 32. Qh4 $16) 32. Ne3 (32. g3 $142 $5 Rg6 33. Rde1
$18) 32... Qxa2 $16 33. Nxg4 Qe2 34. Qh4 (34. Rde1 Qxe1 35. Rxe1 Rxe1+ 36. Kh2
R1e6 $14) 34... Qc4 35. f4 Rg6 36. Rf3 Qc5+ 37. Kh1 Qe7 38. Qh3 Qd6 $4 (38...
Nf6 39. Re3 Ne4 $14 (39... Rxg4 $2 40. Rxe7 Rxe7 41. Rxd5 $18)) 39. f5 $18 Rg5
40. Nh6+ Kf8 41. Nxf7 $1 Qf6 (41... Kxf7 42. Qxh7+ {Abzugsangriff}) 42. Nxg5 (
42. Qxh7 $6 Rg7 43. Qh6 Kxf7 44. Qxf6+ Kxf6 45. Rxd5 Rh8+ 46. Kg1 Rhg8 47. Rd6+
Ke7 48. Re6+ Kf7 $18) 42... Nxg5 43. Qh4 Re7 (43... Kg7 44. Qg4 Re4 45. Qg3 $18
) 44. Rh3 $1 Qxf5 (44... Nxh3 45. Rd3 {Doppelangriff} (45. Qxf6+ {Fesselung}) (
45. Qxf6+ {Ablenkung}) (45. Rd3 {Hinlenkung})) 45. Qh8+ Kf7 46. Rh5 (46. Qh5+
Ke6 47. Qh6+ Qf6 48. Re3+ Ne4 49. Rxe4+ dxe4 50. Rd6+ Kxd6 51. Qxf6+ Kd7 52.
Qd4+ Kc6 $18) 46... Re8 (46... Qf6 47. Qxf6+ Kxf6 48. Rxd5 Re1+ 49. Kh2 Nf7 $18
) 47. Qh6 Rg8 48. Qd6 Rg6 (48... Re8 49. Rc1 Re6 $18) 49. Qxd5+ (49. Qc7+ $142
Kg8 50. Qe7 $18) 49... Qxd5 50. Rxd5 Ne4 51. Rhf5+ Kg7 52. Rd7+ Kh6 53. Rf4 (
53. Rb5 $142 $18) 53... Ng3+ (53... Re6 $18) 54. Kh2 Nh5 55. Ra4 Nf6 56. Rdd4
Rg5 (56... Kg7 $18) 57. Rf4 Rg6 (57... Nh5 58. Rh4 Re5 59. g4 Re2+ 60. Kh3 Re3+
61. Kg2 Rg3+ 62. Kf2 $18) 58. Rf3 Nh7 (58... Nh5 59. Rh3 Re6 $18) 59. Rh3+ (59.
Rh3+ Kg7 60. Ra7+ Kf6 61. Ra6+ Ke5 62. Rxg6 $18 (62. Rxh7 $6 Rxa6 63. g4 Kf4
$11)) 1-0

[Event "Aeroflot Open"]
[Site "Moscow RUS"]
[Date "2009.02.23"]
[Round "7"]
[White "Yudin, S."]
[Black "Onischuk, Al"]
[Result "1-0"]
[WhiteElo "2562"]
[BlackElo "2659"]
[PlyCount "81"]
[EventDate "2009.02.17"]
[EventType "swiss"]
[EventRounds "9"]
[EventCountry "RUS"]
[Source "Mark Crowther"]
[SourceDate "2009.01.05"]

{C54: Italienische Partie (Hauptvariante)} 1. e4 e5 2. Nf3 Nc6 3. Bc4 Bc5 4. d3
Nf6 5. Bb3 d6 6. c3 a6 7. O-O O-O 8. Be3 Bg4 $146 (8... Bxe3 9. fxe3 d5 (9...
Be6 10. Nbd2 Bxb3 11. Qxb3 Rb8 12. h3 d5 13. exd5 Qxd5 14. d4 exd4 15. exd4
Rfe8 16. Rae1 Qxb3 17. Nxb3 b6 18. Rxe8+ Rxe8 19. Re1 Rd8 20. Nbd2 Kf8 21. Nc4
Nd5 22. g3 f6 23. Ne3 Nxe3 24. Rxe3 {Cornette,M (2494)-Georgiev,K (2649)/Kemer
2007/1/2-1/2}) 10. exd5 Nxd5 11. Qe2 Be6 12. Nbd2 Qe7 13. d4 exd4 14. exd4 Nf4
15. Qe4 Bxb3 16. Qxf4 Bd5 17. Nh4 Be6 18. Rae1 Qd6 19. Qxd6 cxd6 20. Nf5 Rad8
21. Ne3 d5 22. Nb3 b6 23. Nc1 {Alekseev,E (2708)-Onischuk,A (2670)/Biel 2008/1/
2-1/2}) 9. h3 Bh5 10. Bxc5 dxc5 11. Qe2 Qd7 12. Nbd2 Rad8 13. Bc2 Ne8 14. Qe3
b6 15. g4 Bg6 16. Nh4 Qe7 (16... Ne7 17. a4 a5 18. f4 exf4 19. Qxf4 $11) 17.
Qg3 Nd6 18. Rae1 f6 19. Nxg6 hxg6 20. Bb3+ (20. g5 c4 $14) 20... Nf7 21. Bd5
Qd7 22. g5 Ne7 23. gxf6 (23. Bc4 b5 24. Bxf7+ Kxf7 $11) 23... gxf6 24. f4 (24.
Re3 Kg7 (24... Nxd5 $143 25. Qxg6+ (25. exd5 $143 Kg7 $15) 25... Kh8 26. Rg3
$16) 25. Bxf7 Rxf7 $11) 24... Kg7 (24... exf4 $5 25. Rxf4 Kg7 26. Bxf7 Qxd3 $15
(26... Kxf7 $6 27. Nf3 Kg7 28. e5 $11) (26... Rxf7 $143 27. e5 Nf5 28. exf6+
Rxf6 29. Qg5 $11)) 25. Bxf7 $11 exf4 26. Qxf4 Rxf7 27. e5 Nd5 28. Qg3 fxe5 29.
Qxe5+ Nf6 (29... Kg8 $142 $5 $11) 30. Ne4 $16 Re8 (30... Qd5 $142 $5 31. Ng5
Qxe5 32. Rxe5 Rxd3 33. Nxf7 Kxf7 $16) 31. Qxf6+ $18 (31. Nxf6 $6 Rxe5 32. Nxd7
Rg5+ 33. Kh2 Rxd7 $11) 31... Rxf6 32. Nxf6 Qxd3 33. Nxe8+ (33. Rxe8 $6 Qg3+ 34.
Kh1 Qxh3+ 35. Kg1 Qg3+ 36. Kh1 Qh3+ 37. Kg1 Qg3+ 38. Kh1 Qh3+ $11) 33... Kh6
34. Kf2 Qf5+ 35. Ke3 Qe6+ $2 (35... Qg5+ 36. Kd3 Qg2 $18) 36. Kd2 Qxa2 37. Kc2
b5 (37... Qa4+ 38. Kb1 Qh4 39. Nxc7 $18) 38. Re4 (38. Rf8 $142 Qa4+ 39. Kb1 $18
) 38... b4 39. Rg1 (39. cxb4 $6 Qa4+ 40. Kb1 Qb5 $18) 39... Kh7 (39... g5 40.
cxb4 cxb4 $18) 40. Re7+ Kg8 (40... Kh6 41. Nf6 g5 42. Ng4+ Kh5 $18) 41. Rf1 (
41. Rf1 Qa4+ 42. Kb1 Qxe8 43. Rxe8+ Kg7 44. Re7+ Kh6 45. Rxc7 c4 46. cxb4 c3
47. bxc3 Kg5 48. Rc6 Kh5 49. Rxa6 g5 50. b5 Kh4 51. b6 Kg3 52. b7 Kg2 53. Raf6
g4 54. b8=Q g3 55. R6f3 Kxh3 56. Qxg3#) (41. Nxc7 c4 42. Rxg6+ Kf8 43. Rxa6
Qb3+ 44. Kc1 bxc3 $18) 1-0

[Event "SUI-chT Zuerich-Wollishofen"]
[Site "?"]
[Date "2009.02.22"]
[Round "1.3"]
[White "Kortschnoj, Viktor"]
[Black "Carron, Julien"]
[Result "1-0"]
[WhiteElo "2572"]
[BlackElo "2411"]
[PlyCount "79"]
[EventDate "2009.??.??"]
[Source "Mark Crowther"]
[SourceDate "2009.01.05"]

{E32: Nimzoindisch (4.Dc2)} 1. d4 Nf6 2. c4 e6 3. Nc3 Bb4 4. Qc2 O-O 5. Bg5 c5
6. e3 d6 7. Nf3 Nbd7 8. Bd3 h6 (8... Qa5 9. O-O Bxc3 10. bxc3 cxd4 11. cxd4 h6
12. Bh4 Qh5 13. Bg3 d5 14. c5 Re8 15. Rab1 e5 16. Nxe5 Nxe5 17. Bxe5 Rxe5 18.
dxe5 Ng4 19. h3 Nxe5 20. Be2 Qh4 21. Qc3 Nc6 22. Rfd1 Qg5 23. Kf1 {Kayaman,M 
(2012)-Gazioglu,H (2013)/Kusadasi 2004/1-0}) 9. Bh4 $146 (9. Bxf6 Nxf6 10. O-O
Bxc3 11. Qxc3 b6 12. e4 cxd4 13. Qxd4 Bb7 14. Rad1 Qc7 15. e5 Bxf3 16. exd6 Qb7
17. gxf3 Qxf3 18. Rd2 Rac8 19. b4 Rfd8 20. Rc1 Rc6 21. c5 Rdxd6 22. Qxd6 Rxd6
23. cxd6 Qg4+ {Kazmin,A (2192)-Pogorelov,R (2507)/Voronezh 1999/1/2-1/2}) 9...
b6 10. O-O Bxc3 11. bxc3 Ba6 12. Nd2 Qc7 13. a4 Rfc8 14. Rfd1 d5 (14... g5 15.
Bg3 $11) 15. cxd5 Bxd3 16. Qxd3 exd5 17. a5 c4 18. Qc2 Qc6 19. f3 Nf8 (19... b5
20. Re1 $11) 20. e4 $14 dxe4 (20... b5 21. Bxf6 Qxf6 22. exd5 $14) 21. fxe4 (
21. Bxf6 Qxf6 22. Nxe4 Qd8 $14) 21... Ng6 (21... Nh5 $5 $14) 22. Bxf6 $16 Qxf6
23. axb6 Qxb6 24. Rf1 Rc7 25. Ra4 Qe6 26. d5 (26. e5 $5 $16) 26... Qb6+ $14 27.
Kh1 Ne5 28. Nf3 Nd3 29. Nd4 Re8 30. Qe2 Qc5 (30... g6 31. Qf3 $14) 31. Qg4 Rb7
32. Raa1 (32. Qf5 g6 33. Qf3 Qb6 $14) 32... Ne5 (32... g6 33. Ra2 $11) 33. Qg3
$14 Ng6 (33... Kh7 34. h4 $14) 34. Rae1 (34. Nf5 Rxe4 35. Nd6 Qxd5 $16) 34...
Rbe7 35. Ne6 fxe6 (35... Qc8 36. h4 $14) 36. d6 Rf7 $2 (36... Kh7 $142 37. dxe7
Rxe7 $16) 37. Rxf7 $18 Kxf7 38. Rf1+ Kg8 39. Qxg6 Rd8 $4 (39... Qb5 40. Qf7+
Kh7 41. Qxa7 Rd8 $18) 40. Qxe6+ (40. Qxe6+ Kh7 41. e5 $18) 1-0

[Event "DEM 2009"]
[Site "Saarbruecken"]
[Date "2009.02.08"]
[Round "3.1"]
[White "Braun, Arik"]
[Black "Fridman, Daniel"]
[Result "1-0"]
[WhiteElo "2550"]
[BlackElo "2650"]
[PlyCount "39"]
[EventDate "2009.??.??"]
[Source "Mark Crowther"]
[SourceDate "2009.01.05"]

{D31: Damengambit (Halbslawisch)} 1. d4 d5 2. c4 c6 3. Nf3 Nf6 4. Nc3 dxc4 5.
a4 e6 6. e4 Bb4 7. e5 Ne4 8. Qc2 Qd5 9. Be2 c5 10. O-O Nxc3 11. bxc3 cxd4 12.
cxd4 c3 13. Bd2 Qa5 (13... cxd2 14. Qxc8+ Qd8 15. Qxb7 Nc6 16. Qxc6+ Kf8 17.
Rad1 Rc8 18. Qa6 g6 19. Nxd2 Kg7 20. Ne4 $18) 14. Bxc3 Bxc3 15. Ra3 Bd7 16.
Rxc3 Nc6 17. Rb1 Nb4 $2 $146 (17... O-O 18. Rc5 Qd8 19. Rxb7 Bc8 20. Rb1 Nxd4
21. Nxd4 Qxd4 22. Bf3 Bd7 23. Bxa8 Rxa8 24. a5 g6 25. Rd1 Qb4 26. Qc4 Rb8 27.
Qxb4 Rxb4 28. h3 Bb5 29. Rd8+ Kg7 30. Rcc8 Rb1+ 31. Kh2 Rb2 32. Kg3 {Alekhine,
A-Euwe,M/Holland 1935/1-0}) (17... Rb8 $142 $16) 18. Qd2 $18 Nc6 19. Rxb7 Nd8 (
19... a6 $18) 20. Rxd7 $1 (20. Rxd7 Qxa4 (20... Kxd7 21. Bb5+ Ke7 22. Rc7+ Qxc7
23. Qb4+ Qc5 24. Qxc5#) 21. Qb2 $18) 1-0